Peces de Rio Muni, Guinea Ecuatorial (Record no. 132483)
[ view plain ]
| 000 -LEADER | |
|---|---|
| campo de control de longitud fija | 00503nam a2200157 4500 |
| 001 - NÚMERO DE CONTROL | |
| campo de control | 132483 |
| 003 - IDENTIFICADOR DE NÚMERO DE CONTROL | |
| campo de control | ES-MaACL |
| 005 - FECHA Y HORA DE LA ÚLTIMA TRANSACCIÓN | |
| campo de control | 20230906194202.0 |
| 007 - CAMPO FIJO DE DESCRIPCIÓN FÍSICA--INFORMACIÓN GENERAL | |
| campo de control de longitud fija | t| |
| 008 - DATOS DE LONGITUD FIJA--INFORMACIÓN GENERAL | |
| campo de control de longitud fija | 070214s1971 sp r ||||1| spa d |
| 100 1# - ENTRADA PRINCIPAL--NOMBRE DE PERSONA | |
| Nombre de persona | Román, Benigno. |
| 9 (RLIN) | 99209 |
| 245 10 - MENCIÓN DEL TÍTULO | |
| Título | Peces de Rio Muni, Guinea Ecuatorial |
| Resto del título | : (aguas dulces y salobres) / |
| Mención de responsabilidad, etc. | Benigno Román. |
| 260 ## - PUBLICACIÓN, DISTRIBUCIÓN, ETC. | |
| Lugar de publicación, distribución, etc. | Barcelona : |
| Nombre del editor, distribuidor, etc. | [s.n.], |
| Fecha de publicación, distribución, etc. | 1971 ( |
| Fabricante | Gráf. Pons) |
| 300 ## - DESCRIPCIÓN FÍSICA | |
| Extensión | 296 p., 9 lám. : |
| Otras características físicas | il. ; |
| Dimensiones | 24 cm + |
| Material acompañante/anejo | 1 map. |
| 852 ## - LOCALIZACIÓN | |
| Ubicación | ES-MaACL |
| Número de control de estantería | C-44535 |
| Sublocalización o colección | R.78807 |
| Estatus retirado | Estado de pérdida | Estado de daño | No para préstamo | Biblioteca de origen | Biblioteca actual | Ubicación en estantería | Fecha de adquisición | Fuente de adquisición | Total de préstamos | Signatura topográfica completa | Código de barras | Visto por última vez | Precio de reemplazo | Tipo de ítem Koha |
|---|---|---|---|---|---|---|---|---|---|---|---|---|---|---|
| Biblioteca del Ateneo de Madrid | Biblioteca del Ateneo de Madrid | Depósito 2 | 17/01/2008 | C-44535 | 1137929 | 23/02/2023 | 23/02/2023 | Libro impreso |
